Beatles Songs - Sudden Death - Statistics

General Stats
  • This quiz has been taken 83,270 times
    82,540 since last reset
  • The average score is 10 of 20
Answers on the Grid
Answers color-coded by a green-red scale on the quiz's grid according to % correct below.
All You Need Is Love
Back in the USA
Blackbird
Colonel Mustard
Come Together
Day Tripper
Dig a Donkey
Don't Let Me Down
Eleanor Rigby
Glass Potato
Help!
Helter Skelter
Here Comes The Sun
Hey Jude
I Am the Eggman
I Want To Hold Your Hand
I Won't
I'm Only Dreaming
Let It Be
Love Me Do
Oh! Honey
Paperback Writer
Penny Lane
Please Please Me
Raspberry Meadows
Revolution
Ride My Bike
Seven Days a Week
She Loves Me
Ticket to Ride
Waterloo Sunset
Yellow Submarine
Yesterday
 
Answer Stats
Answer % Correct
All You Need Is Love
82%
Here Comes The Sun
67%
Hey Jude
67%
Let It Be
63%
Come Together
60%
Help!
59%
Eleanor Rigby
57%
Blackbird
56%
I Want To Hold Your Hand
56%
Yellow Submarine
52%
Penny Lane
47%
Yesterday
44%
Love Me Do
42%
Don't Let Me Down
40%
Helter Skelter
40%
Day Tripper
37%
Please Please Me
33%
Paperback Writer
32%
Ticket to Ride
30%
Revolution
29%
No matching quizzes found
Score Distribution
Percent of People with Each Score
Percentile by Number Answered
Your Score History
You have not taken this quiz since the last reset